Southville International School and Colleges
Your cart is empty.
  • Cart
  • Lists
    Public lists Eva Luna New books Lux_list list_1
    Your lists Log in to create your own lists
  • Log in to your account
  • Your cookies
  • Search history
Southville International School and Colleges
  • Advanced search
  • Recent comments
  • Most popular
  • Libraries

Log in to your account

Log in with GOOGLE


If you do not have an external account, but do have a local account, you can still log in:

  1. Home
  2. MARC view: Economics, taxation, and agrarian reform /
Normal view MARC view ISBD view

Economics, taxation, and agrarian reform / (Record no. 276054)

[ view plain ]
MARC details
000 -LEADER
fixed length control field 00799nam a22002297a 4500
003 - CONTROL NUMBER IDENTIFIER
control field SISC
005 - DATE AND TIME OF LATEST TRANSACTION
control field 20160823101408.0
008 - FIXED-LENGTH DATA ELEMENTS--GENERAL INFORMATION
fixed length control field 141009b xxu||||| |||| 00| 0 eng d
020 ## - INTERNATIONAL STANDARD BOOK NUMBER
International Standard Book Number 9789719800873
050 ## - LIBRARY OF CONGRESS CALL NUMBER
Classification number HB 171.5
Item number .M44 2014
100 ## - MAIN ENTRY--PERSONAL NAME
Personal name Manapat, Carlos L.
245 ## - TITLE STATEMENT
Title Economics, taxation, and agrarian reform /
Statement of responsibility, etc Carlos L. Manapat, Raymundo Julio A. Olaguer, and Fernando R. Pedrosa.
250 ## - EDITION STATEMENT
Edition statement Revised edition.
260 ## - PUBLICATION, DISTRIBUTION, ETC. (IMPRINT)
Place of publication, distribution, etc Quezon City, Philippines :
Name of publisher, distributor, etc C & E Publishing, Inc.,
Date of publication, distribution, etc 2014.
300 ## - PHYSICAL DESCRIPTION
Extent 269 pages :
Other physical details illustrations ;
Dimensions 26 cm.
500 ## - GENERAL NOTE
General note Includes glossary, bibliographical references and index.
521 ## - TARGET AUDIENCE NOTE
Target audience note Business Administration
650 ## - SUBJECT ADDED ENTRY--TOPICAL TERM
Topical term or geographic name as entry element Land reform
General subdivision Philippines.
650 ## - SUBJECT ADDED ENTRY--TOPICAL TERM
Topical term or geographic name as entry element Taxation
General subdivision Philippines.
650 ## - SUBJECT ADDED ENTRY--TOPICAL TERM
Topical term or geographic name as entry element Economics.
942 ## - ADDED ENTRY ELEMENTS (KOHA)
Source of classification or shelving scheme Library of Congress Classification
Koha item type Books
Call number prefix Local
Holdings
Withdrawn status Lost status Source of classification or shelving scheme Damaged status Home library Current library Shelving location Date acquired Source of acquisition Total Checkouts Total Renewals Full call number Barcode Date last seen Date checked out Price effective from Koha item type Sub Shelving location
    Library of Congress Classification   College Library College Library Reserve Section 10/09/2014 Library Fund 3 21 HB 171.5 .M44 2014 C18812 03/22/2016 12/02/2015 10/09/2014 Books  
    Library of Congress Classification   College Library College Library Filipiniana Section 12/03/2015 Library Fund 2 2 HB 171.5 .M44 2014 C20304 05/08/2018 10/11/2017 12/03/2015 Books  

Economics, taxation, and agrarian reform /

APA

Manapat C. L., . (2014). Economics, taxation, and agrarian reform. Quezon City, Philippines: C & E Publishing, Inc.

Chicago

Manapat Carlos L, . 2014. Economics, taxation, and agrarian reform. Quezon City, Philippines: C & E Publishing, Inc.

Harvard

Manapat C. L., . (2014). Economics, taxation, and agrarian reform. Quezon City, Philippines: C & E Publishing, Inc.

MLA

Manapat Carlos L, . Economics, taxation, and agrarian reform. Quezon City, Philippines: C & E Publishing, Inc. 2014.

  • Place hold
  • Print
  • Cite
  • Add to your cart (remove)
  • Save record
    BIBTEX Dublin Core MARCXML MARC (non-Unicode/MARC-8) MARC (Unicode/UTF-8) MARC (Unicode/UTF-8, Standard) MODS (XML) RIS
  • More searches
    Search for this title in:
    Other Libraries (WorldCat) Other Databases (Google Scholar) Online Stores (Bookfinder.com) Open Library (openlibrary.org)

Exporting to Dublin Core...

SOUTHVILLE LIBRARY

Southville International School and Colleges Library

1281 Tropical Ave. Cor. Luxembourg St., BF Homes International, Las Pinas City

Tel. No. 8256374 / 252358 Loc. 117/146

Powered by Koha